تا ر يخ ا د ب ا ر د و (Record no. 87423)
[ view plain ]
| 000 -LEADER | |
|---|---|
| fixed length control field | 01097nam a22002537a 4500 |
| 005 - DATE AND TIME OF LATEST TRANSACTION | |
| control field | 20170420124733.0 |
| 008 - FIXED-LENGTH DATA ELEMENTS--GENERAL INFORMATION | |
| fixed length control field | 140714b xxu||||| |||| 00| 0 Urdu d |
| 010 ## - LCCN (DPL NO) | |
| LC control number | UR-8610 B-665980 |
| 020 ## - INTERNATIONAL STANDARD BOOK NUMBER | |
| Terms of availability | 100.00 |
| 035 ## - SYSTEM CONTROL NUMBER | |
| System control number | U-7165 B-665980 |
| 037 ## - SOURCE OF ACQUISITION | |
| Source of stock number/acquisition | DBAD/Pub. |
| 040 ## - CATALOGING SOURCE | |
| Original cataloging agency | DPL |
| Language of cataloging | Urdu |
| 082 ## - DEWEY DECIMAL CLASSIFICATION NUMBER | |
| Classification number | 840 |
| 100 ## - MAIN ENTRY--PERSONAL NAME | |
| Personal name | سکسينہ ،ر ا م با بو |
| 245 ## - TITLE STATEMENT | |
| Title | تا ر يخ ا د ب ا ر د و |
| Statement of responsibility, etc | سکسينہ ،ر ا م با بو |
| 246 ## - VARYING FORM OF TITLE | |
| Title proper/short title | Tarikh-e- Adab Urdu |
| Remainder of title | by Saxena Ram Babu |
| 260 ## - PUBLICATION, DISTRIBUTION, ETC. (IMPRINT) | |
| Name of publisher, distributor, etc | Idara Kitab-US-Shifa |
| Date of publication, distribution, etc | 2000 |
| Place of publication, distribution, etc | New Delhi |
| 260 ## - PUBLICATION, DISTRIBUTION, ETC. (IMPRINT) | |
| Name of publisher, distributor, etc | k.K.P. (Vender) |
| 270 ## - ADDRESS | |
| Address | 2075,Ist Floor ,Masjid Mazar Wali ,Nahar Khan Street,Kucha Chelan Darya Ganj |
| City | New Delhi |
| Postal code | 110002 |
| Telephone number | 23283494,9312273887 |
| 270 ## - ADDRESS | |
| Address | 4806/24,Bharat Ram Road ,Dariya Ganj, |
| City | New Delhi (Vender) |
| Postal code | 110002 |
| Telephone number | 011 64527574,Fax47340207,M:9213116968- |
| 300 ## - PHYSICAL DESCRIPTION | |
| Extent | 417ص |
| Dimensions | 22cm (Hb) |
| 942 ## - ADDED ENTRY ELEMENTS (KOHA) | |
| Source of classification or shelving scheme | Dewey Decimal Classification |
| Item type | Urdu Bks |
| Classification part | 840 |
| Call number suffix | س ک س |
| Withdrawn status | Lost status | Source of classification or shelving scheme | Damaged status | Not for loan | Collection code | Home library | Current library | Date acquired | Source of acquisition | Cost, normal purchase price | Total Checkouts | Full call number | Barcode | Date last seen | Copy number | Cost, replacement price | Koha item type |
|---|---|---|---|---|---|---|---|---|---|---|---|---|---|---|---|---|---|
| Dewey Decimal Classification | Non-fiction | Ashok Vihar | Ashok Vihar | 20/04/2017 | BPPD/UR/2014-15/AV/16-17/658/KKP/936/7.3.17/8.3.17 | 100.00 | 840 س ک س | B-665980 | 20/04/2017 | 1 | 100.00 | Urdu Bks | |||||
| Dewey Decimal Classification | Not For Loan | Non-fiction | D.B.Act.Division | D.B.Act.Division | 04/02/2015 | DBAD/Pub. | 100.00 | 840 س ک س | U-7165 | 04/02/2015 | 1 | 100.00 | Urdu Bks |
